000 01004nac a22002171u 4500
008 100907t xxu||||| |||| 00| 0 eng d
010 _a 83004332
020 _a0470274492 (Halsted)
020 _a0853126135 (Ellis Horwood Limited Publishers- Library Edn.)
020 _a0853126143(Ellis Horwood Limited Publishers- Student End.)
082 0 0 _a624.1773
_bSMI
100 _aGraves-Smith, T. R.
_918578
245 1 0 _aLinear Analysis of Frameworks /
_cT.R. Graves Smith.
260 _aChichester, West Sussex :
_bEllis Horwood ;
_aNew York :
_bHalsted Press,1983
_c1983.
300 _a451 p. :
_bill. ;
_c24 cm.
490 _918570
_aEllis Horwood Series in Engineering Science
504 _aIncludes bibliographical references and index.
650 0 _aStructural analysis (Engineering)
_918579
942 _cBB
_k624.1773SMI
_2ddc
999 _c4434
_d4434